Ramanujan : twelve lectures on subjects suggested by his life and work

Αποθηκεύτηκε σε:
Λεπτομέρειες βιβλιογραφικής εγγραφής
Κύριος συγγραφέας: Hardy, G. H. (Godfrey Harold), 1877-1947
Μορφή: Βιβλίο
Γλώσσα:English
Δημοσίευση: New York : Chelsea Pub. Co., [1959?]
Θέματα:
Ετικέτες: Προσθήκη ετικέτας
Δεν υπάρχουν, Καταχωρήστε ετικέτα πρώτοι!

MARC

LEADER 00000cam a2200000 i 4500
001 1/4513
008 100216q1959 eng d
035 |l 10106804 
040 |a GR-MY-UA  |b gre  |e aacr 
041 0 |a eng 
082 0 |a 510.92  |2 (22) 
100 1 |a Hardy, G. H.   |q (Godfrey Harold),   |d 1877-1947. 
245 1 0 |a Ramanujan :  |b twelve lectures on subjects suggested by his life and work /  |c by G. H. Hardy 
260 |a New York :   |b Chelsea Pub. Co.,   |c [1959?] 
300 |a 236 σ.;  |b πορτρ.;  |c 23 εκ. 
500 |a Originally published by Cambridge University Press 
504 |a Βιβλιογραφία: σ. [231]-236 
600 1 0 |a Ramanujan Aiyangar, Srinivasa,   |c 1887-1920. 
650 0 0 |a Mathematics. 
852 |a INST  |b SAMOS  |c MAG  |e 20100216  |h 510.92 HAR  |p 005300030624  |q 005300030624  |t BK  |y 0 
901 |a BIBL3-2010-1 
909 |a Σ  |b 161819 
970 |a ΣΙΤΖΙΜΗ  |b ΓΙΑΣΕΜΗ  |z 2010/02/16